000 00611cam a22001934a 4500
020 _a0072882905 (alk. paper)
040 _cDLC
082 _a004 HIL 2005 A006 Or.
100 1 _aSawyer, Stacey C.
245 1 0 _aUsing information technology :
_ba practical introduction to computers & communications.
250 _a6th ed.
260 _aBoston :
_bMcGraw-Hill Technology Education,
_cc2005.
300 _a1 v. (various pagings) :
_bcol. ill. ;
_c28 cm.
650 0 _aComputers.
650 0 _aTelecommunication systems.
650 0 _aInformation technology.
700 1 _aWilliams, Brian K.,
942 _cEK
999 _c11943
_d11943